| 000 | 00923nam a2200277 i 4500 | ||
|---|---|---|---|
| 001 | bg | ||
| 245 | 0 | 0 |
_aEuropejska Konwencja Praw Człowieka / _cwybór orzecznictwa Marek Antoni Nowicki. |
| 260 |
_aWarszawa : _bC. H. Beck, _c1998. |
||
| 300 |
_aLXXXVI, 520 s. ; _c23 cm. |
||
| 490 | 1 | _aZbiory Orzecznictwa Becka | |
| 500 | _aTekst częśc. tł. z ang., fr. | ||
| 504 | _aBibliogr. s. LIII-LV. - Indeks. | ||
| 650 | 9 |
_aOrzecznictwo międzynarodowe _zEuropa _yod 1989 r. |
|
| 650 | 9 |
_aPrawa człowieka _xprawo międzynarodowe _zEuropa _ystan na 1998 r. |
|
| 700 | 1 |
_aNOWICKI, Marek Antoni _d(1953- ). _eOprac. |
|
| 830 | _aZbiory Orzecznictwa Becka | ||
| 020 | _a8371107617 | ||
| 020 | _a3406427782 (Niemcy) | ||
| 040 | _cBPK | ||
| 041 | 1 |
_apl _hen |
|
| 080 | _a341.231.14(4)(094.8) | ||
| 920 | _a83-7110-761-7 | ||
| 920 | _a3-406-42778-2 (Niemcy) | ||
| 942 | _cKS | ||
| 008 | s pl f |000 0 pol | ||
| 999 |
_c33725 _d33725 |
||
| 856 |
_uhttp://koha.tu.koszalin.pl/cgi-bin/koha/opac-detail.pl?biblionumber=33725 _yKatalog online BPK |
||